000 00582nam a2200181Ia 4500
008 090124s9999 xx 000 0 und d
082 _b12795
100 _aजोशी अ. म.
245 _a भारतीय लोकनाट्य
250 _a1
260 _bविश्र्वकर्मा साहित्यालय़
_c1980
300 _a112
600 _aजोशी अ. म.
630 _a भारतीय लोकनाट्य
700 _aजोशी अ. म.
730 _a भारतीय लोकनाट्य
942 _cBOOK
999 _c86936
_d86936